Внедрение системы менеджмента качества на ремонтно-механическом заводе ОАО "Сибирский химический комбинат" в соответствии с требованиями международного стандарта ISO 9001; Качество - стратегия XXI века

Dettagli Bibliografici
Parent link:Качество - стратегия XXI века.— 2009.— С. 173-177
Autore principale: Снежко Ю. В.
Lingua:russo
Pubblicazione: 2009
Soggetti:
Natura: MixedMaterials Capitolo di libro
KOHA link:https://koha.lib.tpu.ru/cgi-bin/koha/opac-detail.pl?biblionumber=198824

MARC

LEADER 00000naa2a2200000 4500
001 198824
005 20231031184107.0
035 |a (RuTPU)RU\TPU\book\216837 
090 |a 198824 
100 |a 20110708d2009 k y0rusy50 ca 
101 0 |a rus 
102 |a RU 
200 1 |a Внедрение системы менеджмента качества на ремонтно-механическом заводе ОАО "Сибирский химический комбинат" в соответствии с требованиями международного стандарта ISO 9001  |f Ю. В. Снежко 
320 |a Библиогр.: 2 назв. 
463 0 |0 (RuTPU)RU\TPU\book\208726  |t Качество - стратегия XXI века  |o материалы XIV Международной научно-практической конференции  |f Томский политехнический университет (ТПУ) ; Академия проблем качества России (АПК РФ), Томское отделение  |v С. 173-177  |d 2009  |p 223 с. 
610 1 |a система менеджмента качества 
610 1 |a ремонтно-механические заводы 
610 1 |a международные стандарты 
610 1 |a внедрение 
610 1 |a труды учёных ТПУ 
700 1 |a Снежко  |b Ю. В. 
801 1 |a RU  |b 63413507  |c 20110708 
942 |c BK